000 01507nam0a2200361 4500
001 RU\NLR\bibl\1379951
005 20220117183350.0
010 _a5-94625-109-0
010 _a5-94625-268-3
_915000
021 _aRU
_b2009-28533
_91709
035 _a(NLR Aleph) 001372044
090 _a1047888
_c1047888
100 _a20090410d2008 u y0rusy50 ca
101 0 _arus
102 _aRU
105 _ay dm |||||
200 1 _aСветличка
_e[сказка
_eдля детей дошкольного и младшего школьного возраста]
_fВ. А. Бахревский
_g[худож.: Е. Голомазова]
210 _aМосква
_cиздательский совет Русской Православной Церкви
_d2008
215 _a14, [2] с.
_cцв. ил.
_d25
225 1 _aКнижки маленького Ежика
300 _aБез тит. л. Описано по обл.
686 _aШ9(2)6=Р70-2
_2rubbk
686 _aШ9(2)60=Р7-2
700 1 _4070
_7ca
_8rus
_aБахревский
_bВ. А.
_f1936-
_gВладислав Анатольевич
_928409
_3RU\NLR\AUTH\7745471
702 1 _4040
_7ca
_8rus
_aГоломазова
_bЕ. А.
_cхудожник
_f1985-
_gЕкатерина Александровна
_9238165
_3RU\NLR\AUTH\770238221
801 0 _aRU
_bРКП
_c20090410
_grcr
801 1 _aRU
_bРГБ
_c20090410
801 2 _aRU
_bNLR
_c20090610
_grcr
942 _cBOOK
980 _aNB